000 01353nam a2200301 i 4500
001 768714001
003 CO-MdFUSB
005 20240618062723.0
007 ta
008 220309b ||||| |||| 00| 0 eng d
020 _a9786120039014
040 _aCO-MdFUSB
_bspa
_cCO-MdFUSB
_dCO-MdFUSBC
_erda
041 _aspa
082 _223
_a266
_bM935
110 _aMovilicemos,
245 _aMovilicemos a la iglesia :
_bel pueblo de Dios participando significativamente en la misión de Dios.
_c/ dirigido por Christina Conti
264 _a[Lugar de publicación no identificado ]
_bMovilicemos,
_c[2019]
300 _a334 páginas
_c; 30 cm
336 _2rdacontent
_atexto
_btxt
337 _2rdamedia
_asin mediación
_bn
338 _2rdacarrier
_avolumen
_bnc
505 _aDefiniendo la movilización. -- EL discipulado verdadero. -- EL rol del movilizador. -- Cursos misioneros. -- Los pastores son movilizados. -- Movilizando a los adolescentes. -- Movilizando a los adolescentes. -- Movilizando a los jóvenes. -- Movilizando a las familias. -- Movilizando a los hombres. -- La relación con las agencias misioneras. -- Cuidado integral. -- Finanzas para la obra. -- Resolviendo dudas. -- Baúl de ideas.
563 _aRústico
650 0 _aMisiones
_9154
700 _92074
_aConti, Christina
_edirector
942 _cBK
945 _aJTF-925
999 _c67396
_d67396